000
00391nam a22001697a 4500
003
MPLRDC
005
20220104144003.0
008
210129b ||||| |||| 00| 0 eng d
082
_a
831.57 WYQ
100
_a
王永祺选编
245
_a
元诗别裁集
_c
250
_a
初版
260
_a
_b
中华书局
_c
1977
300
_b
平
650
_a
元诗总集
942
_c
BK
_o
831.57 WYQ
999
_c
45279
_d
45269